000 01248nam a2200265 a 4500
001 1403488
003 AM-YEHGA
005 20250617164425.0
008 180917s1930 fr ||||gr|||||||||0|rus|d
040 _aAM-YeHGA
041 0 _arus
100 1 _aЗареванд,
_d1890-1973
_q(Налбандян, Завен)
245 1 0 _aТурция и пантуранизм /
_cЗареванд ; Введ. А.Н. Мандельштама.
260 _aПариж :
_b[Комиссия Ай Дат АРПД],
_c1930.
300 _a168 с. ;
_c20 см.
650 1 4 _aИстория Турции
651 4 _aТурция
_xИстория
653 0 _aОсманская империя в новое время (2 пол. 17 в. -1917 г. ) - История - Идеология
653 0 _aСтраны Ближнего и Среднего Востока в новое время (2 пол. 17 в. -1917 г. ) - Турция - История
653 0 _aКлассовая борьба. Общественно-политические движения -- Пантюркизм
653 0 _aПантюркизм - История
700 1 _aМандельштам, А.Н.
_eавт. введ.
_4aui
942 _2udc
_cBK
090 _c529819
999 _c523504
_d523504